| 000 | 01405nam a22003017a 4500 | ||
|---|---|---|---|
| 003 | OSt | ||
| 005 | 20230421140943.0 | ||
| 008 | 221006b |||||||| |||| 00| 0 eng d | ||
| 040 | _cBiblioteca Lado V | ||
| 082 |
_a700 _bH424a |
||
| 100 |
_eeditor _9809 _aHynes, Chas |
||
| 245 |
_aArtshouston Magazine/ _bHouston's monthly guide to the performing and visual arts/ |
||
| 260 |
_bTexas Southem University Museum _c2004 _aHouston |
||
| 300 |
_c21x29cm _a38p. |
||
| 490 |
_a8 _v5 _x1541-6089 |
||
| 505 |
_aFEATURES _gGoodbye Columbus Houston's Latin Lights Latin Movement Broken Obelisk More Microcinema |
||
| 505 |
_aPerformance reviews _g32 TUTS Stages Infernal Bridegroom Productions Mercury Baroque |
||
| 505 |
_aGallery Reviews _gRice Gallery McClain gallery Texas Southern University Museum |
||
| 505 |
_aDepartments _gEditor's Notes Backstage witch Janet H. Moore Gallery and Museum Map ArtKids Center Stage Calendar ArtistTalk |
||
| 505 | _aMarcelo Wong | ||
| 650 |
_2Tesauro de Arte & Arquitectura _aARTE _9703 |
||
| 650 |
_2Tesauro de Arte & Arquitectura _aARTE VISUAL |
||
| 650 |
_2Tesauro de Arte & Arquitectura _aREVISTA |
||
| 650 |
_2Tesauro de Arte & Arquitectura _aBIENAL |
||
| 650 |
_2Tesauro de Arte & Arquitectura _aCRITICA |
||
| 651 |
_2Tesauro de Arte & Arquitectura _aRESEÑA |
||
| 942 |
_2ddc _c1 _h700 _iH424a _n0 |
||
| 999 |
_c3433 _d3433 |
||